000 00991cam a22002417 4500
999 _c172
_d172
003 OSt
005 20190729142836.0
008 150721t20061989nyu e f eng d
020 _a9780143038092
040 _dCaOL
_cKH8
082 _aFIC TAN
100 1 _aTan, Amy.
_eauthor
245 1 4 _aThe Joy Luck Club /
_cAmy Tan
250 _a25th anniversary edition.
260 _aN.Y. :
_bPenguin Random House Canada
_c2006.
300 _a288 p. ;
_c24 cm.
500 _aFirst published in the United States of America by G.P. Putnam's Sons, 1989.
520 _aIn 1949, four Chinese women begin meeting in San Francisco for fun. Nearly 40 years later, their daughters continue to meet as the Joy Luck Club. Their stories ultimately display the double happiness that can be found in being both Chinese and American.
650 0 _aChinese American women
_vFiction.
650 0 _aMothers and daughters
_yUnited States
_vFiction.
651 0 _aSan Francisco (Calif.)
_vFiction.
942 _2ddc
_cFIC